| 000 | 00512nam a22001937a 4500 | ||
|---|---|---|---|
| 003 | OSt | ||
| 005 | 20180116183012.0 | ||
| 008 | 150910b xxu||||| |||| 00| 0 eng d | ||
| 020 | _a9798185386088 | ||
| 040 | _c0 | ||
| 082 | _a658.1511 ANT 2005 | ||
| 100 | _aRobert N. Anthony James S. Reece | ||
| 245 |
_aAccounting Principles _cRobert N. Anthony James S. Reece |
||
| 250 | _a6th Ed. | ||
| 260 |
_aIndia _bA.I.T.B.S _c2005 |
||
| 300 |
_a678 P. _bPB |
||
| 440 | _aAccounting Principles | ||
| 942 |
_2ddc _cBK |
||
| 999 |
_c350331 _d350331 |
||